000
00471nam a2200181Ia 4500
008
100917s9999 xx 000 0 und d
082
_b
32798
100
_a
आपटे ना. ह.
245
_a
कोंडाकणी
260
_b
आपटे आणि मंडळी
_c
1961
300
_a
106
365
_b
2.5
520
_a
कथा
630
_a
कोंडाकणी
650
_a
कथा
730
_a
कोंडाकणी
942
_c
BOOK
999
_c
638192
_d
638189